[Event "HCL-C133"]
[Site "www.playchess.de"]
[Date "2001.02.07"]
[Round "15"]
[White "Farmer"]
[Black "waxneedles"]
[WhiteElo "1000"]
[BlackElo "815"]
[PlyCount "41"]
[Result "1-0"]

1.e4 e5 2.Nf3 Nc6 3.Bb5 a6 4.Ba4 Nf6 5.O-O Nxe4 
6.d4 b5 7.Bb3 exd4 8.Re1 f5 9.Bd5 Be7 10.Nxd4 Nxd4 
11.Bxa8 Ne6 12.Bxe4 fxe4 13.Rxe4 Bb7 14.Re1 O-O 
15.Nc3 Bh4 16.Be3 Nf4 17.Bxf4 Rxf4 18.g3 Qg5 
19.Re8+ Rf8 20.Qxd7 h6 21.Qe6+ 1-0

[Event "HCL-C133"]
[Site "www.playchess.de"]
[Date "2001.02.07"]
[Round "19"]
[White "Edik"]
[Black "babycakes"]
[WhiteElo "1000"]
[BlackElo "661"]
[PlyCount "31"]
[Result "1/2-1/2"]

1.e4 e5 2.Nf3 Nc6 3.Bb5 a6 4.Ba4 Nf6 5.O-O Nxe4 
6.d4 exd4 7.Re1 f5 8.Nxd4 Bc5 9.Be3 O-O 10.Nxc6 
bxc6 11.f3 f4 12.Bxc5 Nxc5 13.Bb3+ Nxb3 14.axb3 d5 
15.Nc3 Rf6 16.Na4 1/2-1/2

[Event "HCL-C133"]
[Site "www.playchess.de"]
[Date "2001.02.07"]
[Round "20"]
[White "babycakes"]
[Black "Farmer"]
[WhiteElo "661"]
[BlackElo "1000"]
[PlyCount "38"]
[Result "0-1"]

1.e4 c5 2.Nf3 d6 3.d4 cxd4 4.Nxd4 Nf6 5.Nc3 a6 
6.Bc4 e6 7.Bg5 Be7 8.Bxf6 Bxf6 9.O-O O-O 10.f4 b5 
11.Bd3 Bxd4+ 12.Kh1 Bb7 13.Qg4 Bxc3 14.bxc3 e5 
15.c4 Qc8 16.Qg3 bxc4 17.Be2 Bxe4 18.fxe5 dxe5 
19.Qxe5 Qe6 0-1

[Event "HCL-C133"]
[Site "www.playchess.de"]
[Date "2001.02.07"]
[Round "21"]
[White "waxneedles"]
[Black "babycakes"]
[WhiteElo "815"]
[BlackElo "661"]
[PlyCount "31"]
[Result "1-0"]

1.d4 d5 2.Nf3 Bg4 3.h3 Bxf3 4.exf3 Nc6 5.Be3 Nf6 
6.Bb5 a6 7.Bxc6+ bxc6 8.O-O e6 9.Nc3 Rb8 10.b3 Ba3 
11.Bg5 h6 12.Bxf6 Qxf6 13.Qd3 Bb2 14.Rae1 O-O 
15.Ne2 Bxd4 16.Nxd4 1-0

[Event "HCL-C137"]
[Site "www.playchess.de"]
[Date "2001.02.07"]
[Round "27"]
[White "jayr015"]
[Black "waxneedles"]
[WhiteElo "1179"]
[BlackElo "789"]
[PlyCount "46"]
[Result "0-1"]

1.e4 c5 2.c4 Nc6 3.Nf3 d6 4.d3 Bg4 5.Be2 Bxf3 
6.Bxf3 g6 7.O-O Bg7 8.Na3 Nd4 9.e5 Bxe5 10.Bxb7 
Rb8 11.Bd5 e6 12.Be4 Nf6 13.Qa4+ Nd7 14.Re1 Rb4 
15.Qd1 f5 16.Bb7 Rxb7 17.Qa4 Rb4 18.Qxa7 O-O 
19.Bd2 Rxb2 20.Ba5 Nf3+ 21.gxf3 Qg5+ 22.Kh1 Rxf2 
23.Reg1 Rxh2+ 0-1

[Event "HCL-C145"]
[Site "www.playchess.de"]
[Date "2001.02.07"]
[Round "6"]
[White "dg"]
[Black "nikk"]
[WhiteElo "1223"]
[BlackElo "1185"]
[PlyCount "72"]
[Result "0-1"]

1.e4 e6 2.Nf3 d5 3.e5 c5 4.d4 Nc6 5.Bb5 Bd7 6.Nc3 
cxd4 7.Nxd4 Nxe5 8.Qe2 Bd6 9.O-O Ne7 10.f4 N5c6 
11.Nxc6 bxc6 12.Ba6 O-O 13.Qg4 Qb6+ 14.Kh1 Qxa6 
15.Bd2 f5 16.Qh4 Ng6 17.Qg3 d4 18.Qd3 Qxd3 19.cxd3 
dxc3 20.bxc3 c5 21.Rfd1 Bc6 22.Be3 Nxf4 23.Bxf4 
Bxf4 24.Rde1 Rae8 25.Kg1 Bc7 26.Rac1 Bb6 27.Kf1 e5 
28.h3 e4 29.d4 f4 30.Rc2 cxd4 31.cxd4 Bb5+ 32.Kg1 
Bxd4+ 33.Kh1 f3 34.gxf3 Rxf3 35.Kg2 Rf7 36.Kg3 
e3 0-1

[Event "HCL-C146"]
[Site "www.playchess.de"]
[Date "2001.02.07"]
[Round "2"]
[White "Cypher4235"]
[Black "dg"]
[WhiteElo "1000"]
[BlackElo "1223"]
[PlyCount "24"]
[Result "0-1"]

1.d4 d5 2.c4 Be6 3.Nc3 dxc4 4.e4 Nf6 5.Nf3 g6 6.d5 
Bg4 7.Bxc4 Bxf3 8.Qxf3 Bg7 9.Bg5 Nbd7 10.O-O Ne5 
11.Qe2 O-O 12.Rad1 Qd7 0-1

[Event "HCL-C148"]
[Site "www.playchess.de"]
[Date "2001.02.07"]
[Round "13"]
[White "whoopingfunst"]
[Black "Allesnehmer"]
[WhiteElo "700"]
[BlackElo "1000"]
[PlyCount "52"]
[Result "0-1"]

1.e4 e5 2.Nf3 Nc6 3.Bc4 Bc5 4.b4 Bxb4 5.c3 Ba5 
6.d4 exd4 7.Nxd4 Nf6 8.Nxc6 bxc6 9.Bg5 h6 10.e5 
hxg5 11.exf6 Qxf6 12.Qe2+ Kd8 13.Qf3 Qxf3 14.gxf3 
d5 15.Bb3 Rb8 16.O-O Re8 17.c4 d4 18.c5 f6 19.Ba4 
Bb4 20.Bxc6 Re6 21.Be4 Bxc5 22.Bf5 Re2 23.Be4 Rbb2 
24.Bd3 Rbxa2 25.Bxe2 Rxa1 26.Bd3 
a5 0-1

[Event "HCL-C149"]
[Site "www.playchess.de"]
[Date "2001.02.07"]
[Round "7"]
[White "tewas"]
[Black "dg"]
[WhiteElo "1000"]
[BlackElo "1223"]
[PlyCount "83"]
[Result "1-0"]

1.d4 d5 2.c4 Nf6 3.cxd5 Qxd5 4.Nc3 Qd6 5.e4 Qe6 
6.Bd3 g6 7.Nf3 Bg7 8.O-O O-O 9.Be3 Ng4 10.Bf4 c6 
11.h3 Nf6 12.Qd2 b5 13.e5 Nd5 14.Bh6 Ba6 15.Bxg7 
Kxg7 16.Ng5 Qd7 17.Nce4 h6 18.e6 fxe6 19.Nc5 Qe8 
20.Ngxe6+ Kh7 21.Nxf8+ Qxf8 22.h4 Qf6 23.h5 Nf4 
24.hxg6+ Nxg6 25.Rae1 Bc8 26.Qc2 Kg7 27.Bxg6 Qxg6 
28.Rxe7+ Kf6 29.Qxg6+ Kxg6 30.Rfe1 Bf5 31.R7e8 Kf7 
32.R1e7+ Kf6 33.Rb7 Nd7 34.Rxa8 Nb6 35.Rf8+ Kg5 
36.Rbf7 Bg4 37.Rg8+ Kh5 38.f3 Bc8 39.Re7 Nd5 
40.Re5+ Kh4 41.g3+ Kh3 42.Rh5+ 1-0

[Event "ACL-A033"]
[Site "www.playchess.de"]
[Date "2001.02.07"]
[Round "22"]
[White "Whoaplayer"]
[Black "yury"]
[WhiteElo "1500"]
[BlackElo "1500"]
[PlyCount "38"]
[Result "0-1"]

1.e4 Nc6 2.Nf3 d5 3.exd5 Qxd5 4.Be2 Bg4 5.h3 Bh5 
6.d3 O-O-O 7.O-O e5 8.Re1 f6 9.Nbd2 g5 10.c3 Bg6 
11.c4 Qd7 12.b3 h5 13.Bb2 Nh6 14.d4 exd4 15.a3 g4 
16.hxg4 hxg4 17.Nh4 Bf5 18.b4 d3 19.Bf1 
Nd4 0-1

[Event "ACL-A056"]
[Site "www.playchess.de"]
[Date "2001.02.07"]
[Round "2"]
[White "dakini"]
[Black "love_spuds"]
[WhiteElo "1318"]
[BlackElo "1357"]
[PlyCount "43"]
[Result "1-0"]

1.e4 c5 2.Nf3 Nc6 3.d4 e6 4.d5 Na5 5.dxe6 fxe6 
6.Nc3 Nf6 7.Bg5 Be7 8.Bd3 c4 9.b4 cxd3 10.bxa5 
Qxa5 11.Qxd3 Nxe4 12.Bxe7 Kxe7 13.Qxe4 Qxc3+ 
14.Ke2 d5 15.Qd3 Qxd3+ 16.cxd3 Rf8 17.Ne5 b6 18.d4 
Ba6+ 19.Ke3 Rf5 20.Rac1 Raf8 21.Rc7+ Kd6 
22.Rd7+ 1-0

[Event "ACL-A063"]
[Site "www.playchess.de"]
[Date "2001.02.07"]
[Round "2"]
[White "sazex"]
[Black "whoopingfunst"]
[WhiteElo "1768"]
[BlackElo "1412"]
[PlyCount "41"]
[Result "1-0"]

1.e4 e5 2.Nf3 Nc6 3.Bb5 a6 4.Ba4 Nf6 5.O-O Nxe4 
6.d4 exd4 7.Re1 f5 8.Nfd2 d5 9.f3 Bc5 10.fxe4 b5 
11.Bb3 Nb4 12.Qh5+ g6 13.exd5+ Kf7 14.Qf3 Bb7 
15.d6+ Kg7 16.Qxb7 d3+ 17.Kh1 Qxd6 18.Na3 Kf6 
19.Ne4+ fxe4 20.Rf1+ Kg7 21.Rf7+ 1-0

[Event "ACL-A063"]
[Site "www.playchess.de"]
[Date "2001.02.07"]
[Round "8"]
[White "dakini"]
[Black "TheBoss"]
[WhiteElo "1380"]
[BlackElo "1500"]
[PlyCount "27"]
[Result "1-0"]

1.e4 e6 2.Nc3 d5 3.d4 Bb4 4.e5 c5 5.Be2 Nc6 6.Be3 
Nge7 7.a3 cxd4 8.Bxd4 Bxc3+ 9.Bxc3 d4 10.Bb5 dxc3 
11.Qb1 Qd5 12.Nf3 Qxb5 13.b3 Nxe5 
14.a4 1-0

[Event "ACL-A063"]
[Site "www.playchess.de"]
[Date "2001.02.07"]
[Round "11"]
[White "whoopingfunst"]
[Black "Tartan-Terror"]
[WhiteElo "1412"]
[BlackElo "1442"]
[PlyCount "25"]
[Result "1-0"]

1.e4 Nf6 2.e5 Nd5 3.c4 Nb6 4.d4 d6 5.Nc3 dxe5 6.c5 
N6d7 7.Be3 exd4 8.Bxd4 Nc6 9.Bb5 Nxd4 10.Qxd4 c6 
11.Bc4 e5 12.Qe3 Bxc5 13.Qf3 1-0

[Event "ACL-A063"]
[Site "www.playchess.de"]
[Date "2001.02.07"]
[Round "12"]
[White "Tartan-Terror"]
[Black "dakini"]
[WhiteElo "1442"]
[BlackElo "1380"]
[PlyCount "26"]
[Result "0-1"]

1.d4 d5 2.c4 dxc4 3.Nf3 b5 4.a4 c6 5.axb5 cxb5 
6.e3 Bd7 7.Ne5 Nc6 8.Nxd7 Qxd7 9.b3 e6 10.bxc4 b4 
11.Be2 Nf6 12.O-O g6 13.Bf3 a5 0-1

[Event "ACL-A068"]
[Site "www.playchess.de"]
[Date "2001.02.07"]
[Round "10"]
[White "denis3"]
[Black "Ghostdog"]
[WhiteElo "1500"]
[BlackElo "1500"]
[PlyCount "28"]
[Result "0-1"]

1.d4 Nf6 2.e3 d5 3.Be2 Bf5 4.Nf3 h6 5.Ne5 Nbd7 
6.O-O Nxe5 7.dxe5 Nd7 8.Qxd5 c6 9.Qb3 Qc7 10.f4 
Be6 11.Bc4 Bxc4 12.Qxc4 Nb6 13.Qc3 O-O-O 14.Qa3 
Qb8 0-1

[Event "ACL-A072"]
[Site "www.playchess.de"]
[Date "2001.02.07"]
[Round "7"]
[White "plobi"]
[Black "Bill"]
[WhiteElo "1259"]
[BlackElo "1676"]
[PlyCount "53"]
[Result "1-0"]

1.d4 d5 2.c4 e6 3.Nf3 Nf6 4.Nc3 Be7 5.Qc2 Nc6 
6.Bg5 O-O 7.e3 h6 8.Bf4 Nb4 9.Qd2 Nh5 10.Be5 {it's 
an very interesting game ...}  f6 {Yes, it is.  
It's starting to get crowded.}  11.Bg3 {I'm 
getting made now ... *g*}  Nxg3 12.hxg3 dxc4 
13.Bxc4 c5 14.a3 Nc6 15.d5 Na5 16.Ba2 {touche!}  
c4 17.Rd1 {you haven't lost a game yet, have 
you?!}  Qd6 {Yes, I've lost quite a few.  Too many 
blunders!}  18.Qc2 Qb6 19.Rxh6 gxh6 20.Qg6+ Kh8 
21.Qxh6+ {looks like that you will lose your first 
game at ACL ...}  Kg8 {Doesn't look too good for 
me.}  22.Qg6+ Kh8 23.Ke2 Qxb2+ 24.Nd2 Qxd2+ {Close 
to mate, thanks for a good game.}  25.Kxd2 {same 
to you! good luck in the game against zorszo - I 
hope, you'll win!!}  Nb3+ {I'll do my best, it's 
close to even right now.  (I think)}  26.Bxb3 {I 
guess it will be min. a draw ... but thanks for 
the exiting game!!}  cxb3 {Good luck, I just 
checked your game, looks interesting.  Bye!}  
27.Rh1+ 1-0

[Event "ACL-E004"]
[Site "www.playchess.de"]
[Date "2001.02.07"]
[Round "10"]
[White "rht341"]
[Black "archeo"]
[WhiteElo "1893"]
[BlackElo "2034"]
[PlyCount "86"]
[Result "1/2-1/2"]

1.e4 c5 2.Nf3 d6 3.Bb5+ Bd7 4.Bxd7+ Qxd7 5.O-O Nc6 
6.c4 Nf6 7.Nc3 Ne5 8.d3 Nxf3+ 9.Qxf3 g6 10.Bg5 Ng4 
11.Nd5 h6 12.Bf4 Bg7 13.Rab1 Ne5 14.Bxe5 Bxe5 
15.b4 b6 16.a3 Qd8 17.Ne3 O-O 18.Rfe1 e6 19.Ng4 
Bc3 20.Re2 Qg5 21.Ne3 Rab8 22.Qg3 Qxg3 23.hxg3 
cxb4 24.Nd1 Bd4 25.axb4 a5 26.Ra2 Rba8 27.bxa5 
Rxa5 28.Rd2 Rfa8 29.g4 d5 30.cxd5 exd5 31.Kf1 Rd8 
32.Ke2 Re8 33.Ne3 dxe4 34.dxe4 Rxe4 35.Kf3 Bxe3 
36.Rd8+ Kg7 37.Kxe4 Bxf2 38.Rf1 Ra4+ 39.Kd3 Ra3+ 
40.Kc4 Ra2 41.Rd3 Bc5 42.Rd7 Rc2+ 43.Kd3 {Welcome 
back!}  Rf2 {thanks}  1/2-1/2

[Event "HCL-C152"]
[Site "www.playchess.de"]
[Date "2001.02.07"]
[Round "6"]
[White "sonnyspock"]
[Black "Player"]
[WhiteElo "1193"]
[BlackElo "1000"]
[PlyCount "25"]
[Result "1-0"]

1.e4 c5 2.c3 e6 3.d4 d5 4.exd5 cxd4 5.dxe6 Bxe6 
6.Bb5+ Nc6 7.Bxc6+ bxc6 8.Qxd4 Qxd4 9.cxd4 Bb4+ 
10.Bd2 Bxd2+ 11.Nxd2 Ne7 12.Ngf3 O-O-O 
13.O-O 1-0

[Event "HCL-C152"]
[Site "www.playchess.de"]
[Date "2001.02.07"]
[Round "7"]
[White "Buziness"]
[Black "dg"]
[WhiteElo "1001"]
[BlackElo "1223"]
[PlyCount "72"]
[Result "0-1"]

1.e4 e5 2.Nf3 Nc6 3.d4 exd4 4.Nxd4 Nxd4 5.Qxd4 Nf6 
6.Bc4 Qe7 7.e5 d6 8.O-O dxe5 9.Qd3 e4 10.Qb3 b6 
11.Bd5 Nxd5 12.Qxd5 Rb8 13.Qb5+ Bd7 14.Qa6 Ra8 
15.Qb7 Qd8 16.Qxe4+ Be6 17.Bg5 Be7 18.Bxe7 Kxe7 
19.Nc3 Re8 20.Qh4+ f6 21.Qxh7 Kf7 22.Rad1 Qc8 
23.a4 Bf5 24.Qh5+ Bg6 25.Qd5+ Qe6 26.Qb7 Bxc2 
27.Qxc7+ Re7 28.Nb5 Rxc7 29.Nxc7 Qc6 30.Rd2 Qxc7 
31.Rc1 Rc8 32.g3 Qc4 33.Rd7+ Kg6 34.Re1 Be4 
35.Rxa7 Qc1 36.Rxc1 {Bravo !! Congratulation !!}  
Rxc1+ 0-1

[Event "HCL-C152"]
[Site "www.playchess.de"]
[Date "2001.02.07"]
[Round "10"]
[White "Player"]
[Black "Buziness"]
[WhiteElo "1000"]
[BlackElo "1001"]
[PlyCount "72"]
[Result "0-1"]

1.e4 d5 2.exd5 Qxd5 3.Nc3 Qe5+ 4.Be2 Nf6 5.d4 Qf5 
6.Nf3 Ne4 7.Nxe4 Qxe4 8.Qd3 Bf5 9.Qxe4 Bxe4 
10.Bb5+ c6 11.Ba4 Na6 12.c3 b5 13.Bd1 b4 14.Bf4 e6 
15.Be2 Nc7 16.Bxc7 g6 17.Be5 Rg8 18.Ng5 Bxg2 
19.Rg1 Bd5 20.c4 Bh6 21.Nxh7 Ke7 22.cxd5 cxd5 
23.h4 Bg7 24.Rc1 Bxe5 25.dxe5 Rac8 26.Rxc8 Rxc8 
27.Kd2 a5 28.Rc1 Rh8 29.Rc7+ Kd8 30.Rxf7 Ke8 
31.Ng5 Rxh4 32.Bb5+ Kd8 33.Nxe6+ Kc8 34.Ba6+ Kb8 
35.Rb7+ Kc8 36.Rh7+ Kb8 0-1

[Event "ACL-A076"]
[Site "www.playchess.de"]
[Date "2001.02.07"]
[Round "6"]
[White "Buziness"]
[Black "roofus"]
[WhiteElo "1500"]
[BlackElo "1500"]
[PlyCount "31"]
[Result "1-0"]

1.e4 e5 2.d4 d5 3.exd5 Qxd5 4.Nc3 Bb4 5.a3 Ba5 
6.b4 Bb6 7.Nxd5 exd4 {oops...}  8.Qe2+ Be6 9.Qc4 
Nc6 10.b5 O-O-O 11.Qa4 Bxd5 12.bxc6 Bxc6 13.Bb5 
Re8+ 14.Ne2 Re6 15.Bxc6 bxc6 16.Qa6+ 1-0

[Event "ACL-A079"]
[Site "www.playchess.de"]
[Date "2001.02.07"]
[Round "8"]
[White "guerino"]
[Black "Allesnehmer"]
[WhiteElo "1500"]
[BlackElo "2180"]
[PlyCount "34"]
[Result "0-1"]

1.e4 e5 2.Nf3 Nc6 3.Bb5 a6 4.Ba4 Nf6 5.Kf1 Bc5 
6.h3 Nxe4 7.d4 Nxd4 8.Nxd4 Bxd4 9.Qf3 Nxf2 10.Be3 
Nxh1 11.Bxd4 exd4 12.g4 Qf6 13.Qxf6 gxf6 14.Kg2 b5 
15.Bb3 Bb7+ 16.Kh2 h5 17.Nd2 hxg4 0-1

[Event "HCL-A068"]
[Site "www.playchess.de"]
[Date "2001.02.07"]
[Round "4"]
[White "paule"]
[Black "teenspirit"]
[WhiteElo "1910"]
[BlackElo "1760"]
[PlyCount "97"]
[Result "1-0"]

1.e4 Nc6 {Hi paule. Do u remember me? I email u 
for some analysis some time ago.}  2.d4 {Hello! I 
remember you,certainly.And you play now game with 
my friend (suffix). It's very interest g!}  d5 
{Yeah, but now I think maybe Qf3 it's not good at 
all... b4 square could kill me!}  3.Nc3 {In that 
game you have a problem of creation of blockade on 
white fields. (I think)}  dxe4 {Well... it's not 
clear at all. Queens exchange seemed drawnish to 
me because of Nc6, control b4}  4.d5 {I should 
once again look your game - I has forgotten a 
position slightly}  Ne5 {Yeah, now Bb4 for him 
seems to me very interesting. If not, I play Nc6 
avoiding it}  5.Bf4 {I think, Bb4 too early.}  Ng6 
{Now I have taken some risk, but trying to make a 
funnier game! :D}  6.Bg3 {I do not see while risk 
of you.}  f5 {There isn't. Anyway, think I can try 
to win this position}  7.Nh3 {:)}  a6 8.Bc4 Nf6 
{Well... u know nimzowitch defense I see :)}  
9.O-O {original debut...}  b5 {Well, let's try my 
novelty...}  10.Bb3 {:)}  Bb7 {Maybe too risky... 
dont know!}  11.d6 e5 12.Ng5 {Very sharp game!}  
Qxd6 {Oh god where Is my fritz6 when I need it? 
Too sharp for my headache... :)}  13.Nf7 {:)}  
Qxd1 14.Raxd1 Bd6 15.Nxh8 Nxh8 {A piece and 2 
pawns for my rook... seems interesting! What do u 
think about this variation?}  16.Bh4 {I think, 
your chances 50:30:20 (win:draw:loss). My position 
is worse.}  Nd7 {yeah, i think u have a worse 
position because of your blacksquared bishop}  
17.Be6 {I agree}  g6 {What a crazy position... I 
should need lots of time to analyse all chances 
here...But haven't enough}  18.g4 {Me too. I have 
the access to the Internet only at work. It is 
necessary to combine...:)}  f4 19.Rfe1 Nc5 20.Bd5 
Bxd5 {Such a pity not playing this game in a real 
board...}  21.Rxd5 {The very interesting game at 
us turns out}  Nf7 {These are thousands of 
tactical turns all over the game. Hope we can 
analyse it!}  22.Nxe4 {I think, there are no 
problems - mine e-mail paule2000@mail.ru}  Nxe4 
{that's ok, mine is joseppel@mixmail.com}  23.Rxe4 
{I hope, that we shall find time for 
correspondence}  Kd7 {Gonna start analyse it this 
evening. I have seen now how horrible is 23..., 
g5? such a pity :)}  24.f3 {The struggle 
proceeds:)}  Ke6 {Now it's u the one with more 
chances to win (I think)}  25.Rd3 {Only minimal. 
The too closed position}  Bc5+ 26.Bf2 Bxf2+ {If u 
dont want to get tired trying to win, Ill be happy 
with draw! :). But u have the advantage.}  27.Kxf2 
Nd6 28.Re1 {I have problems with your pawns and N. 
N>R!}  b4 {Really dont know how to play this 
position. Too much job, not enough level :)}  
29.h4 h6 30.c3 {Sorry, let's a little more play... 
Last attempt to open a position}  a5 {ok}  31.cxb4 
axb4 {Not concentrated today, lots of troubles 
here :(}  32.a3 {At me today very unsuccessful 
day: 0,5 of 2}  bxa3 {U lost vs Peze? strong 
player. I have lots of thing on my head...}  
33.Rxa3 {In our match (vs Peze) I lose 2:3}  Rb8 
34.Re2 Nc4 {He really strong yes.}  35.Ra6+ {It 
seems, I have strummed something not so in our 
game...}  Rb6 36.Rxb6+ cxb6 37.Rc2 Kd5 38.b3 Na5 
39.Rd2+ Ke6 40.Rd8 Nxb3 {Well... let's see what 
happens}  41.Rb8 {I can not count variants...:(}  
Nd4 {Think it's drawnish now, but not sure. Try it 
if u like, no problem here :). I'll email with 
analyse}  42.Rxb6+ {ok :)}  Kf7 43.Rb7+ Kf6 44.Rh7 
Ne6 {Better was Ke6...}  45.h5 {My last hope...}  
Nf8 46.Rxh6 Kg7 47.Rxg6+ Nxg6 48.hxg6 Kxg6 
49.Ke2 1-0

[Event "ACL-A081"]
[Site "www.playchess.de"]
[Date "2001.02.07"]
[Round "3"]
[White "Edik"]
[Black "Morpheus"]
[WhiteElo "1501"]
[BlackElo "1364"]
[PlyCount "33"]
[Result "1/2-1/2"]

1.d4 Nf6 2.c4 g6 3.Nc3 d5 4.Bg5 Bg7 5.e3 O-O 6.Nf3 
c6 7.cxd5 Nxd5 8.Nxd5 cxd5 9.Bd3 f6 10.Bf4 Nc6 
11.Bc2 Qa5+ 12.Qd2 Qxd2+ 13.Nxd2 Nb4 14.Bb1 b6 
15.a3 Nc6 16.O-O e5 17.dxe5 1/2-1/2

[Event "HCL-C161"]
[Site "www.playchess.de"]
[Date "2001.02.07"]
[Round "4"]
[White "Buziness"]
[Black "dg"]
[WhiteElo "1000"]
[BlackElo "1148"]
[PlyCount "73"]
[Result "1-0"]

1.e4 e5 2.d4 exd4 3.Qxd4 Nc6 4.Qc4 d6 5.Nf3 Be6 
6.Qb5 Rb8 7.Ng5 a6 8.Qa4 h6 9.Nxe6 fxe6 10.Be2 Nf6 
11.O-O Nxe4 12.Qxe4 e5 13.Bh5+ Ke7 14.Qh4+ g5 
15.Bxg5+ hxg5 16.Qxg5+ Kd7 17.Bg4+ Ke8 18.Qg6+ Ke7 
19.f4 Rh6 20.Qg5+ Ke8 21.Bh5+ Kd7 22.Qf5+ Ke7 
23.fxe5 Nxe5 24.Bf7 Bg7 25.Qg5+ Rf6 26.Qxg7 Rxf1+ 
27.Kxf1 Nxf7 28.Nc3 c6 29.Re1+ Kd7 30.Qxf7+ Kc8 
31.Re8 Qxe8 32.Qxe8+ Kc7 33.Qe7+ Kb6 34.Qxd6 Rc8 
35.g4 Rg8 36.Qe6 Rg7 37.h4 1-0

[Event "HCL-C159"]
[Site "www.playchess.de"]
[Date "2001.02.07"]
[Round "1"]
[White "Player"]
[Black "Winkler"]
[WhiteElo "1585"]
[BlackElo "1000"]
[PlyCount "44"]
[Result "0-1"]

1.d4 d5 {Guten Tag Player,mal sehen wie sich das 
Spiel entwickelt.Gruß Andreas}  2.c4 {Hallo, 
wünsche uns eine schöne Partie! - Gruß Lukas}  c6 
{Hallo Lukas,ich komme aus Frankfurt/Oder und 
du.Gruß Andreas}  3.Nf3 {In der nähe von 
Frankfurt. Aber Frankfurt am Main.}  dxc4 {Hallo 
Lukas,ich habe leider keine Arbeit trotz 
Bewerbungen wie sieht es bei euch aus.Gruß 
Andreas}  4.e3 {Ich bin zur Zeit auch Arbeitslos. 
Dies aber noch freiwillig...}  b5 5.a4 {Bist Du 
Vereinsspieler? - Ich nicht, spiele aber oft...}  
a6 {Guten Morgen Lukas,ja ich bin Vereinspieler 
bei SV Preußen.Gruß Andreas}  6.b3 cxb3 7.axb5 Qb6 
8.Qxb3 Bb7 9.Bc4 e6 10.O-O cxb5 11.Bd3 Nf6 12.Nbd2 
Qc6 13.Bb2 Nd5 14.Rfc1 Qb6 15.Ne5 Be7 16.Ne4 O-O 
17.Nc3 Rd8 18.Nxd5 Bxd5 19.Qd1 Nd7 20.Nxd7 Rxd7 
21.Rc2 g6 22.Rac1 Bc4 0-1

[Event "ACL-A084"]
[Site "www.playchess.de"]
[Date "2001.02.07"]
[Round "13"]
[White "stud"]
[Black "man"]
[WhiteElo "1500"]
[BlackElo "1500"]
[PlyCount "21"]
[Result "1-0"]

1.e4 e5 2.Nf3 Nc6 3.Bc4 Bc5 4.c3 Nf6 5.d4 exd4 
6.cxd4 Bb4+ 7.Nc3 Bxc3+ 8.bxc3 Nxe4 9.Ba3 Nxc3 
10.Qb3 Ne4 11.Bxf7+ 1-0

[Event "HCL-C159"]
[Site "www.playchess.de"]
[Date "2001.02.07"]
[Round "9"]
[White "dakini"]
[Black "uneek"]
[WhiteElo "1450"]
[BlackElo "1191"]
[PlyCount "42"]
[Result "0-1"]

1.e4 c5 {Hello, Good Luck, and a virtual 
handshake....}  2.Nf3 {Thanx Harl, the same back! 
What means "uneek"?}  e6 {Playful spelling of 
unique.  A word meaning one of a kind, original.  
What's dakini?}  3.d4 {James Redfield used this 
word in his roman THE SECRET OF SHAMBALA after his 
Celestine romans, y know}  cxd4 {As a matter of 
fact I did not....}  4.Nxd4 {me with 40 years and 
you with 51 we ´re the oldies here. What´s your 
profession?}  a6 {Telephone industry  -  you?}  
5.a3 {dentist}  Nc6 {You win there, better pay, 
better hours....}  6.Nc3 {better hours is the mean 
aspect, the pay was better in earlier times ... 
not as in the states}  Qc7 {Well everything has 
it's ups and downs - must have socialized medicine 
in Germany huh?}  7.g3 {socialized by the 
gouvernment, they tell you what u will max. earn, 
the rest u should do for nothing}  Nf6 8.Bg5 Be7 
9.h4 {the sozialized gouvernmently dictated 
medicine system is extremly ineffectiv here!}  O-O 
10.h5 {what do the americans hear about the 
demontage of the politicians different parties by 
the oppositio}  h6 {Well if you asking what I hear 
it would be very little as i ignore the news 80% 
of the time...}  11.Bf4 Bd6 12.Nf3 Bxf4 13.gxf4 
Qxf4 14.Rh4 Qc7 {pawn is a pawn...}  15.Ng5 hxg5 
16.Rh1 d5 17.h6 d4 18.hxg7 Kxg7 19.Qd2 Qf4 20.Qd3 
dxc3 21.Qh3 Qd2+ {Thanks for the game!} 
 0-1

[Event "HCL-B155"]
[Site "www.playchess.de"]
[Date "2001.02.07"]
[Round "19"]
[White "DepthCharge"]
[Black "Yogibear"]
[WhiteElo "1508"]
[BlackElo "1898"]
[PlyCount "25"]
[Result "1-0"]

1.e4 c6 2.d4 d5 3.e5 {Hi. How are you? :)}  Bf5 
{Thanks,well! Hope you are well,too,have a nice 
game!}  4.c4 e6 5.Nf3 h6 {have a nice weekend!}  
6.Bd2 {Thanks, you too. :)}  dxc4 7.Bxc4 Bg4 8.Bc3 
Ne7 9.h3 Bxf3 10.Qxf3 Nf5 11.Qe4 Qb6 12.Nd2 Qxb2 
13.Bxb2 1-0

[Event "HCL-C166"]
[Site "www.playchess.de"]
[Date "2001.02.07"]
[Round "8"]
[White "esad"]
[Black "Player"]
[WhiteElo "1000"]
[BlackElo "1584"]
[PlyCount "23"]
[Result "1-0"]

1.d4 Nf6 2.c4 g6 3.Nf3 Bg7 4.e3 O-O 5.Bd3 d5 6.O-O 
Nc6 7.h3 Nb4 8.a3 Nxd3 9.Qxd3 Bf5 10.Qb3 b6 11.Nc3 
Bd3 12.Re1 1-0

[Event "HCL-B160"]
[Site "www.playchess.de"]
[Date "2001.02.07"]
[Round "9"]
[White "shepherd"]
[Black "Gruhni"]
[WhiteElo "1420"]
[BlackElo "1412"]
[PlyCount "57"]
[Result "1-0"]

1.e4 e5 2.Nf3 Nc6 3.Bb5 a6 4.Ba4 b5 5.Bb3 d6 6.c3 
Be6 7.d4 Bxb3 8.Qxb3 Nf6 9.O-O Be7 10.d5 Na5 
11.Qc2 O-O 12.b3 Nb7 13.c4 Nc5 14.Nbd2 b4 15.Ne1 
a5 16.a4 Rc8 17.f4 Ncd7 18.f5 Nc5 19.Rf3 h6 20.Re3 
Ng4 21.Rg3 h5 22.Ndf3 Nf6 23.Ng5 Nh7 24.Nef3 Nxg5 
25.Nxg5 f6 26.Ne6 Nxe6 27.dxe6 Kh7 28.Qe2 Rh8 
29.Qxh5+ {28. Qh5+ Kg8 29. Qf7+ Kh7 30. Qxg7 #   
Danke fürs Spiel ;-)}  1-0

[Event "HCL-A072"]
[Site "www.playchess.de"]
[Date "2001.02.07"]
[Round "11"]
[White "peze"]
[Black "teenspirit"]
[WhiteElo "1959"]
[BlackElo "1762"]
[PlyCount "21"]
[Result "1-0"]

1.e4 {Hi :-))}  Nc6 {Hi again peze! sorry for my 
other horrible game... I'll resign next move}  
2.Nf3 {Good Luck}  f5 {Colorado Gambit...u know 
it?}  3.exf5 {...unknow!}  d5 4.Bb5 Bxf5 5.Ne5 Qd6 
6.d4 a6 7.Bxc6+ bxc6 8.O-O c5 9.Bf4 Qb6 10.dxc5 
Qxb2 11.Qxd5 {The pawn b2 was poisoned! Sorry!} 
 1-0